000 00483nam a2200181Ia 4500
003 GCL
008 140319s9999 xx 000 0 eng d
040 _aGCL /
_cGCL
082 0 4 _a401.93
_bL C
100 1 _aLOCKE, JOHN L
245 1 0 _aTHE CHILD'S PATH TO SPOKEN LANGUAGE /
_cLOCKE, JOHN L
260 _a[S.N] :
_bHARVARD UNVIERSITY PRESS ،
_c1995
300 _a518 P
650 0 4 _aLANGUAGE - ACQUISITION
650 0 4 _aLANGUAGES
650 0 4 _aBIOLINGUISTICS
942 _2ddc
_cBK
999 _c13448
_d13448